00305nam a2200109Ia 4500008004100000100001600041245006000057250000800117260004300125300000900168650001800177191201s2005 xx 000 0 und d aHORNBY, A S 0aOxford Advanced Learner's Dictionary of Current English a7th aN.DelhibOxford University Pressc2005 a1780 aGeneral Books